Emerging Smart Agricultural Practices Using Artificial Intelligence/ edited by Ashish Kumar , Jai Prakash Verma , Rachna Jain (Record no. 52366)

MARC details
000 -LEADER
fixed length control field 00644nam a22001817a 4500
003 - CONTROL NUMBER IDENTIFIER
control field OSt
008 - FIXED-LENGTH DATA ELEMENTS--GENERAL INFORMATION
fixed length control field 260627b |||||||| |||| 00| 0 eng d
020 ## - INTERNATIONAL STANDARD BOOK NUMBER
International Standard Book Number 9781394274246
082 ## - DEWEY DECIMAL CLASSIFICATION NUMBER
Classification number 630.2085
Item number K96E
245 ## - TITLE STATEMENT
Title Emerging Smart Agricultural Practices Using Artificial Intelligence/ edited by Ashish Kumar , Jai Prakash Verma , Rachna Jain
260 ## - PUBLICATION, DISTRIBUTION, ETC. (IMPRINT)
Place of publication, distribution, etc New Jersey :
Name of publisher, distributor, etc Wiley,
Date of publication, distribution, etc [n.d.]
300 ## - PHYSICAL DESCRIPTION
Extent xxiv, 355 p.
650 ## - SUBJECT ADDED ENTRY--TOPICAL TERM
Topical term or geographic name as entry element Technology (Applied Sciences) | | Agriculture and Related Technologies | | Agriculture | Informatics
700 ## - ADDED ENTRY--PERSONAL NAME
Personal name Kumar, Ashish
700 ## - ADDED ENTRY--PERSONAL NAME
Personal name Verma, Jai Prakash
700 ## - ADDED ENTRY--PERSONAL NAME
Personal name Jain, Rachna
942 ## - ADDED ENTRY ELEMENTS (KOHA)
Source of classification or shelving scheme
Koha item type Books
Holdings
Withdrawn status Lost status Source of classification or shelving scheme Damaged status Not for loan Home library Current library Shelving location Date acquired Source of acquisition Cost, normal purchase price Total Checkouts Full call number Barcode Date last seen Bill Date Koha item type Bill Number
          Dr. Rajendra Prasad Central Agricultural University Pusa, Dr. Rajendra Prasad Central Agricultural University Pusa, General Stacks 27/06/2026 Today & Tomorrow Printers and Publishers 15246.00   630.2085 K96E 87638 27/06/2026 29/01/2026 Books Bill No. IN-00449
Hosted, Implemented, Customized & Maintained by: BestBookBuddies

Powered by Koha